Insectes - Mort subite - Statistiques

Statistiques générales
  • Ce quiz a été pris 2 952 fois
  • Le résultat moyen est 6 sur 20
Answers on the Grid
Answers color-coded by a green-red scale on the quiz's grid according to % correct below.
Fourmi
Mouche
Guêpe
Abeille
Scolopendre
Mille-pattes
Cloporte
Araignée
Phasme
Scorpion
Cafard
Hanneton
Coccinelle
Mante religieuse
Papillon
Faucheux
Punaise
Acarien
Pou
Mygale
Puce
Mite
Fourmilion
Fourmilier
Termite
Tique
Carabe
Carabin
Cerf-volant
Ver à soie
Ver de terre
Cigale
 
Statistiques - réponses
Réponse % Correct
Fourmi
45%
Abeille
41%
Coccinelle
41%
Guêpe
41%
Mouche
41%
Cafard
40%
Cigale
38%
Papillon
35%
Punaise
34%
Mante religieuse
31%
Phasme
31%
Mite
27%
Puce
27%
Termite
27%
Hanneton
26%
Pou
20%
Cerf-volant
12%
Ver à soie
12%
Fourmilion
11%
Carabe
8%
Aucun quiz correspondant
Distribution des résultats
% des personnes avec chaque résultat
Percentile par nombre de réponses
Votre historique - résultats
Vous n’avez pas pris ce quiz